WWF Tag Teams to singles - Statistics

General Stats
  • This quiz has been taken 2,201 times
    2,195 since last reset
  • The average score is 17 of 31
Answer Stats
Hint Answer % Correct
Hart Foundation Bret Hart
92%
Evolution Triple H
88%
Evolution Randy Orton
85%
The Rockers Shawn Michaels
85%
Evolution Batista
84%
Evolution Ric Flair
83%
APA Bradshaw
78%
APA Farooq
71%
Hart Foundation Jim Neidhart
69%
Too Cool Rikishi
68%
Natural Disasters Earthquake
63%
The Rockers Marty Jannetty
62%
Money Inc Million Dollar Man
62%
High Energy Owen Hart
58%
Too Cool Scotty 2 Hotty
58%
Natural Disasters Typhoon
57%
Too Cool Grand Master Sexay
54%
British Bulldogs Davey Boy Smith
51%
Hollywood Blondes Stunning Steve Austin
49%
Radicalz Chris Benoit
47%
Money Inc IRS
47%
Radicalz Eddie Guerrero
45%
Radicalz Dean Malenko
44%
Radicalz Perry Saturn
44%
BritishBulldogs Dynamite Kid
40%
Hollywood Blondes Flying Brian Pillman
39%
Power & Glory Hercules
27%
High Energy Koko B Ware
26%
Power & Glory Paul Roma
25%
The Dream Team Brutus The Barber Beefcake
19%
The Dream Team Greg The Hammer Valentine
18%
No matching quizzes found
Score Distribution
Percent of People with Each Score
Percentile by Number Answered
Your Score History
You have not taken this quiz since the last reset